000 00925 a2200265 4500
001 3445
005 20260407155429.0
008 260407a2009 arg spa d
003 AR-UNSa-BCEJYS
040 _aAR-UNSa-BCEJYS
_bspa
_cAR-UNSa-BCEJYS
080 _a347.72
_xSociedades comerciales
245 1 0 _aSociedades comerciales. Ley 19550 (t.o. en 1984) y sus modificaciones
_pLey 26047, decreto nominatividad
020 _a978-987-01-0739-2
264 1 _aBuenos Aires :
_bErrepar
_c2009
300 _a128 p.
_c27 cm.
041 _aspa
942 _cBK
590 _aniveau_biblio:m niveau_hierar:0
100 1 _aErrecaborde, José Daniel
700 1 _aParada, Ricardo Antonio
700 1 _aCañada, Francisco Roberto
650 _aLEY 19550 LEY 26047
856 4 1 _uhttps://biblioeco.unsa.edu.ar/pmb/images/libros/Sparatas de legislacion-l117430.jpg
_yImagen de portada
_qimage/jpeg
650 _a ley 19550 ley 26047
999 _c332
_d332